[Event "BCF-chT1b 0809 (4NCL)"]
[Site "England"]
[Date "2008.10.05"]
[Round "2.3"]
[White "Conquest, Stuart"]
[Black "Fowler, Simon"]
[Result "1-0"]
[WhiteElo "2526"]
[BlackElo "2214"]
[PlyCount "53"]
[EventDate "2008.10.04"]
[EventType "team-tourn"]
[EventRounds "7"]
[EventCountry "ENG"]
[SourceTitle "EXT 2023"]
[Source "ChessBase"]
[SourceDate "2022.10.05"]
[SourceVersion "1"]
[SourceVersionDate "2022.10.05"]
[SourceQuality "1"]
[WhiteTeam "Guildford"]
[BlackTeam "Wood Green Hilsmark Kingfisher II"]
[WhiteTeamCountry "ENG"]
[BlackTeamCountry "ENG"]

1. d4 e6 2. c4 d5 3. Nc3 c6 4. e4 Bb4 5. Bd2 Nf6 6. e5 Nfd7 7. Nf3 b6 8. cxd5 exd5 9. Bd3 Ba6 10. Bxa6 Nxa6 11. Qa4 Bxc3 12. Bxc3 Qc8 13. 0-0 Nf8 14. Rac1 Qb7 15. Bd2 Rc8 16. Nh4 g6 17. f4 Ne6 18. Be3 b5 19. Qc2 Qe7 20. g3 f5 21. exf6 Qxf6 22. f5 Nxd4 23. Qd2 Nxf5 24. Nxf5 gxf5 25. Bd4 Qf8 26. Bxh8 Qxh8 27. Qxd5 1-0

[Event "EU Union-ch 4th"]
[Site "Liverpool"]
[Date "2008.09.18"]
[Round "10"]
[White "Brown, Martin"]
[Black "Fowler, Simon"]
[Result "0-1"]
[WhiteElo "2072"]
[BlackElo "2256"]
[PlyCount "92"]
[EventDate "2008.09.09"]
[EventType "swiss"]
[EventRounds "10"]
[EventCountry "ENG"]
[SourceTitle "CBM 126 Extra"]
[Source "ChessBase"]
[SourceDate "2008.11.05"]
[SourceVersion "1"]
[SourceVersionDate "2008.11.05"]
[SourceQuality "1"]

1. e4 e6 2. d4 d5 3. Nd2 Nc6 4. Ngf3 Nf6 5. e5 Nd7 6. Be2 f6 7. exf6 Qxf6 8. Nf1 Bd6 9. Ne3 0-0 10. 0-0 Qg6 11. c4 Nf6 12. c5 Be7 13. Bb5 Bd7 14. Bxc6 Bxc6 15. Ne5 Qe8 16. N3g4 b6 17. Nxc6 Qxc6 18. Ne5 Qe8 19. c6 Bd6 20. Re1 Bxe5 21. dxe5 Nh5 22. Qd4 g6 23. Bh6 Ng7 24. Bxg7 Kxg7 25. Rac1 Rf5 26. g3 Qe7 27. Rf1 Raf8 28. b4 Qg5 29. Rce1 Rf3 30. a4 R8f4 31. Qb2 Qg4 32. Rb1 Rf5 33. Rfe1 Qh3 34. Re3 Rxf2 35. Qxf2 Rxf2 36. Kxf2 Qf5+ 37. Rf3 Qc2+ 38. Ke3 Qxb1 39. Rf4 Qb3+ 40. Kf2 Qb2+ 41. Kg1 Qxe5 42. b5 Qe3+ 43. Kg2 d4 44. Kh3 d3 45. a5 d2 46. a6 Qxf4 0-1

[Event "EU Union-ch 4th"]
[Site "Liverpool"]
[Date "2008.09.15"]
[Round "7"]
[White "Fowler, Simon"]
[Black "Garcia Castro, Pablo"]
[Result "1-0"]
[WhiteElo "2256"]
[BlackElo "2390"]
[PlyCount "53"]
[EventDate "2008.09.09"]
[EventType "swiss"]
[EventRounds "10"]
[EventCountry "ENG"]
[SourceTitle "CBM 126 Extra"]
[Source "ChessBase"]
[SourceDate "2008.11.05"]
[SourceVersion "1"]
[SourceVersionDate "2008.11.05"]
[SourceQuality "1"]

1. e4 e5 2. Nf3 d6 3. d4 exd4 4. Nxd4 Nf6 5. Nc3 Be7 6. Bf4 0-0 7. Qd2 a6 8. 0-0-0 b5 9. Nd5 Nxd5 10. exd5 Bb7 11. Nf5 Bf6 12. g4 Nd7 13. g5 Be5 14. h4 f6 15. Bh3 Kh8 16. Be3 fxg5 17. hxg5 g6 18. Nh4 Nb6 19. Be6 Nc4 20. Nxg6+ Kg7 21. Rxh7+ Kxh7 22. Qd3 Kg7 23. Rh1 Rf3 24. Nxe5 Nxe5 25. Qh7+ Kf8 26. Qg8+ Ke7 27. Rh7+ 1-0

[Event "EU Union-ch 4th"]
[Site "Liverpool"]
[Date "2008.09.13"]
[Round "5"]
[White "Fowler, Simon"]
[Black "Moser, Eva"]
[Result "0-1"]
[WhiteElo "2256"]
[BlackElo "2383"]
[PlyCount "112"]
[EventDate "2008.09.09"]
[EventType "swiss"]
[EventRounds "10"]
[EventCountry "ENG"]
[SourceTitle "CBM 126 Extra"]
[Source "ChessBase"]
[SourceDate "2008.11.05"]
[SourceVersion "1"]
[SourceVersionDate "2008.11.05"]
[SourceQuality "1"]

1. e4 e6 2. d4 d5 3. Nc3 Nf6 4. e5 Nfd7 5. f4 c5 6. Nf3 Nc6 7. Be3 Be7 8. Qd2 a6 9. Bd3 b5 10. 0-0 b4 11. Nd1 a5 12. f5 cxd4 13. fxe6 fxe6 14. Nxd4 Ndxe5 15. Bb5 Bd7 16. Qe2 Bf6 17. Bxc6 Nxc6 18. Nxc6 Bxc6 19. Qh5+ g6 20. Qg4 Qe7 21. Bh6 Bb5 22. Rf2 Rg8 23. Qf4 Bg7 24. Bg5 Qd7 25. Qh4 Bf8 26. Ne3 Bc5 27. Ng4 Rf8 28. Nf6+ Rxf6 29. Bxf6 Qa7 30. Re1 Bxf2+ 31. Qxf2 Qxf2+ 32. Kxf2 Kd7 33. g4 Rf8 34. g5 Rc8 35. c3 Bd3 36. Rd1 Bf5 37. cxb4 axb4 38. Rd4 Rb8 39. Rh4 Kd6 40. Rxh7 e5 41. Re7 Be6 42. Rg7 d4 43. Be7+ Kd5 44. Rxg6 b3 45. axb3 Rxb3 46. Ba3 e4 47. Ke2 Bg4+ 48. Ke1 Re3+ 49. Kf1 Bh3+ 50. Kf2 Rf3+ 51. Ke1 Rf1+ 52. Ke2 d3+ 53. Kd2 Rf2+ 54. Ke1 e3 55. Rd6+ Ke4 56. Bb4 Rf1# 0-1

[Event "EU Union-ch 4th"]
[Site "Liverpool"]
[Date "2008.09.11"]
[Round "3"]
[White "Fowler, Simon"]
[Black "Short, Nigel D"]
[Result "0-1"]
[WhiteElo "2256"]
[BlackElo "2655"]
[PlyCount "78"]
[EventDate "2008.09.09"]
[EventType "swiss"]
[EventRounds "10"]
[EventCountry "ENG"]
[SourceTitle "CBM 126 Extra"]
[Source "ChessBase"]
[SourceDate "2008.11.05"]
[SourceVersion "1"]
[SourceVersionDate "2008.11.05"]
[SourceQuality "1"]

1. e4 Nf6 2. e5 Nd5 3. Bc4 Nb6 4. Bb3 c5 5. Qe2 g6 6. e6 dxe6 7. Nc3 Bg7 8. Ne4 Qc7 9. d3 Nd5 10. c4 Nf6 11. Nc3 0-0 12. Nf3 Nc6 13. Be3 b6 14. d4 cxd4 15. Nxd4 Bb7 16. 0-0 Rfd8 17. Ndb5 Qe5 18. f4 Qb8 19. Rad1 Rxd1 20. Rxd1 Bh6 21. g3 e5 22. Nd5 exf4 23. Bc1 Qf8 24. Nxf6+ exf6 25. Nd6 Na5 26. Bxf4 Bxf4 27. gxf4 Bc6 28. Ne4 Kg7 29. Qd3 Qe7 30. Nd6 Nb7 31. Nxb7 Bxb7 32. Kf1 Bc6 33. Re1 Qc7 34. Qe3 Re8 35. Qf2 Be4 36. Qd2 Rd8 37. Qf2 f5 38. Re3 Rd4 39. Rc3 Bd3+ 0-1

[Event "EU Union-ch 4th"]
[Site "Liverpool"]
[Date "2008.09.10"]
[Round "2"]
[White "Coates, David H"]
[Black "Fowler, Simon"]
[Result "0-1"]
[WhiteElo "2037"]
[BlackElo "2256"]
[PlyCount "81"]
[EventDate "2008.09.09"]
[EventType "swiss"]
[EventRounds "10"]
[EventCountry "ENG"]
[SourceTitle "CBM 126 Extra"]
[Source "ChessBase"]
[SourceDate "2008.11.05"]
[SourceVersion "1"]
[SourceVersionDate "2008.11.05"]
[SourceQuality "1"]

1. e4 e6 2. d4 d5 3. Nc3 Bb4 4. e5 c5 5. a3 Bxc3+ 6. bxc3 Qa5 7. Bd2 Qa4 8. Qb1 c4 9. Nf3 Nc6 10. g3 f6 11. Bg2 fxe5 12. dxe5 Nge7 13. 0-0 0-0 14. Be3 b6 15. Bd4 Bd7 16. Qd1 Be8 17. Ng5 Nd8 18. f4 Bg6 19. Rf2 h6 20. Nf3 Be4 21. Bh3 Rc8 22. Qe2 Ng6 23. Ne1 Rc7 24. Ng2 Rcf7 25. Ne3 Ne7 26. Bg2 Bxg2 27. Rxg2 Nf5 28. Nxf5 Rxf5 29. Rf2 Nc6 30. Rff1 Qa5 31. Qe3 R5f7 32. a4 Qa6 33. Rfb1 Qc8 34. Ra2 Qe8 35. Rba1 Rf5 36. a5 Nxa5 37. Rxa5 bxa5 38. Rxa5 Qh5 39. Ra1 g5 40. Bxa7 gxf4 41. Qb6 0-1

[Event "Budapest FS09 IM"]
[Site "Budapest"]
[Date "2007.09.11"]
[Round "11"]
[White "Fowler, Simon"]
[Black "Vegh, Endre"]
[Result "1/2-1/2"]
[WhiteElo "2204"]
[BlackElo "2313"]
[PlyCount "81"]
[EventDate "2007.09.01"]
[EventType "tourn"]
[EventRounds "13"]
[EventCountry "HUN"]
[EventCategory "1"]
[SourceTitle "CBM 120 Extra"]
[Source "ChessBase"]
[SourceDate "2007.11.01"]
[SourceVersion "1"]
[SourceVersionDate "2007.11.01"]
[SourceQuality "1"]

1. e4 c5 2. Nf3 d6 3. c3 Nf6 4. Qc2 Qc7 5. Bc4 e6 6. 0-0 Be7 7. d4 Nbd7 8. d5 exd5 9. exd5 0-0 10. Bd3 c4 11. Be2 Nb6 12. b3 cxb3 13. axb3 Nbxd5 14. Nd4 a6 15. Rd1 Bd7 16. Nf5 Bxf5 17. Qxf5 Nxc3 18. Nxc3 Qxc3 19. Be3 g6 20. Qf4 Nd5 21. Qd4 Qxd4 22. Bxd4 Nb4 23. Bf3 Nc6 24. Bb6 Rac8 25. g3 Rfe8 26. Rac1 Bf8 27. Kg2 Re5 28. Be3 Rb5 29. Bd5 Ra5 30. h4 h5 31. Bf3 Ra2 32. Bf4 Rb2 33. Bd5 Be7 34. Re1 Bf8 35. Re3 Rd2 36. Bxc6 bxc6 37. Rec3 Rb2 38. Rxc6 Re8 39. Bxd6 Bxd6 40. Rxd6 Rxb3 41. Rxa6 1/2-1/2

[Event "Budapest FS09 IM"]
[Site "Budapest"]
[Date "2007.09.05"]
[Round "5"]
[White "Molner, Mackenzie"]
[Black "Fowler, Simon"]
[Result "1-0"]
[WhiteElo "2293"]
[BlackElo "2204"]
[PlyCount "80"]
[EventDate "2007.09.01"]
[EventType "tourn"]
[EventRounds "13"]
[EventCountry "HUN"]
[EventCategory "1"]
[SourceTitle "CBM 120 Extra"]
[Source "ChessBase"]
[SourceDate "2007.11.01"]
[SourceVersion "1"]
[SourceVersionDate "2007.11.01"]
[SourceQuality "1"]

1. e4 e6 2. d4 d5 3. e5 c5 4. c3 Qb6 5. Nf3 Nc6 6. Be2 cxd4 7. cxd4 Nh6 8. b3 Nf5 9. Bb2 Bb4+ 10. Kf1 f6 11. a3 Be7 12. Nc3 fxe5 13. dxe5 0-0 14. Na4 Qd8 15. g3 b6 16. Kg2 Bb7 17. Re1 d4 18. Kg1 Qe8 19. b4 Qf7 20. Rf1 Rad8 21. Bd3 Qh5 22. Be4 Qh3 23. Qd3 Nh6 24. Rfc1 Ng4 25. Qf1 Qxf1+ 26. Rxf1 Rd7 27. Rfe1 Nxb4 28. axb4 Bxb4 29. Bxb7 Rxb7 30. Nxd4 Bxe1 31. Rxe1 Nxf2 32. Ba3 Rd8 33. Nxe6 Rd2 34. Ng5 Nd3 35. Rf1 Rb8 36. e6 b5 37. e7 b4 38. Bxb4 Nxb4 39. Ne6 Rd1 40. Rxd1 Kf7 1-0

[Event "GBR-ch 94th"]
[Site "Great Yarmouth"]
[Date "2007.08.09"]
[Round "10"]
[White "Gormally, Daniel"]
[Black "Fowler, Simon"]
[Result "0-1"]
[WhiteElo "2509"]
[BlackElo "2204"]
[PlyCount "82"]
[EventDate "2007.07.30"]
[EventType "swiss"]
[EventRounds "11"]
[EventCountry "ENG"]
[SourceTitle "CBM 119 Extra"]
[Source "ChessBase"]
[SourceDate "2007.09.04"]
[SourceVersion "1"]
[SourceVersionDate "2007.09.04"]
[SourceQuality "1"]

1. e4 e6 2. d4 d5 3. Nd2 Nc6 4. Ngf3 Nf6 5. e5 Nd7 6. c3 f6 7. exf6 Qxf6 8. Nb3 Bd6 9. c4 0-0 10. cxd5 exd5 11. Be2 a5 12. Be3 b6 13. 0-0 Qg6 14. Nh4 Qf6 15. g3 Ne7 16. Rc1 Ba6 17. Bxa6 Rxa6 18. Ng2 a4 19. Nd2 Nf5 20. Nb1 b5 21. Nc3 c6 22. Ne2 Bc7 23. Qd3 Bb6 24. Rc2 Raa8 25. Rfc1 Rac8 26. Ngf4 Qd6 27. Nc3 Rce8 28. Nce2 Nb8 29. Ng2 Qf6 30. Rf1 Re4 31. Nc3 Rg4 32. Ne2 Bxd4 33. Nxd4 Nxd4 34. Bxd4 Qxd4 35. Qa3 Re4 36. Ne3 Rf3 37. Qd6 Qe5 38. Qd8+ Rf8 39. Qb6 d4 40. Ng2 Qd5 41. a3 d3 0-1

[Event "Middlesex-Young England"]
[Site "London"]
[Date "2007.07.13"]
[Round "5"]
[White "Lalic, Bogdan"]
[Black "Fowler, Simon"]
[Result "1/2-1/2"]
[WhiteElo "2509"]
[BlackElo "2204"]
[PlyCount "47"]
[EventDate "2007.07.09"]
[EventType "schev"]
[EventRounds "9"]
[EventCountry "ENG"]
[SourceTitle "CBM 119 Extra"]
[Source "ChessBase"]
[SourceDate "2007.09.04"]
[SourceVersion "1"]
[SourceVersionDate "2007.09.04"]
[SourceQuality "1"]

1. d4 d5 2. c4 e6 3. Nf3 c6 4. e3 Bd6 5. Bd3 f5 6. b3 Nf6 7. 0-0 Qe7 8. Bb2 0-0 9. Qc1 Nbd7 10. Ba3 Ne4 11. Bxd6 Qxd6 12. Qa3 c5 13. cxd5 exd5 14. Rc1 f4 15. Nc3 fxe3 16. fxe3 Rxf3 17. Bxe4 dxe4 18. gxf3 exf3 19. Qb2 cxd4 20. exd4 Qxd4+ 21. Qf2 Qg4+ 22. Qg3 Qd4+ 23. Qf2 Qg4+ 24. Qg3 1/2-1/2

[Event "BCF-chT2 0607 (4NCL)"]
[Site "Sunningdale"]
[Date "2007.03.04"]
[Round "8.5"]
[White "Franklin, Michael J"]
[Black "Fowler, Simon"]
[Result "1-0"]
[WhiteElo "2203"]
[BlackElo "2218"]
[PlyCount "47"]
[EventDate "2006.09.16"]
[EventType "team"]
[EventRounds "11"]
[EventCountry "ENG"]
[SourceTitle "EXT 2008"]
[Source "ChessBase"]
[SourceDate "2007.11.25"]
[SourceVersion "1"]
[SourceVersionDate "2007.11.25"]
[SourceQuality "1"]
[WhiteTeam "Richmond"]
[BlackTeam "Hilsmark Kingfisher II"]
[WhiteTeamCountry "ENG"]
[BlackTeamCountry "ENG"]

1. d4 d5 2. Nf3 c6 3. e3 e6 4. Nbd2 Nd7 5. Bd3 f5 6. c4 Nh6 7. Qc2 Qf6 8. h3 Bd6 9. b3 e5 10. dxe5 Nxe5 11. Nxe5 Bxe5 12. Rb1 f4 13. exf4 Bxf4 14. cxd5 cxd5 15. Nf3 0-0 16. Bxh7+ Kh8 17. Bd3 Re8+ 18. Kf1 Bxc1 19. Rxc1 Nf5 20. Bb5 Rf8 21. Qd2 Nd6 22. Be2 Ne4 23. Qxd5 Qf4 24. Qh5+ 1-0

[Event "Hastings Masters op 82nd"]
[Site "Hastings"]
[Date "2007.01.04"]
[Round "8"]
[White "Gibson, Christopher J"]
[Black "Fowler, Simon"]
[Result "0-1"]
[WhiteElo "2056"]
[BlackElo "2201"]
[PlyCount "42"]
[EventDate "2006.12.28"]
[EventType "swiss"]
[EventRounds "9"]
[EventCountry "ENG"]
[SourceTitle "CBM 116 Extra"]
[Source "ChessBase"]
[SourceDate "2007.03.07"]
[SourceVersion "1"]
[SourceVersionDate "2007.03.07"]
[SourceQuality "1"]

1. d4 d5 2. c4 e6 3. Nc3 c6 4. Nf3 dxc4 5. a4 Bb4 6. Bd2 a5 7. e3 b5 8. axb5 Bxc3 9. Bxc3 cxb5 10. b3 Bb7 11. bxc4 b4 12. Bd2 Nf6 13. Bd3 Nbd7 14. Be2 0-0 15. 0-0 Qc7 16. h3 Rfb8 17. c5 Bc6 18. g3 Ne4 19. Kh2 a4 20. Ne1 b3 21. Rb1 a3 0-1

[Event "Hastings Masters op 82nd"]
[Site "Hastings"]
[Date "2006.12.31"]
[Round "4"]
[White "Haslinger, Stewart"]
[Black "Fowler, Simon"]
[Result "1-0"]
[WhiteElo "2438"]
[BlackElo "2201"]
[PlyCount "59"]
[EventDate "2006.12.28"]
[EventType "swiss"]
[EventRounds "9"]
[EventCountry "ENG"]
[SourceTitle "CBM 116 Extra"]
[Source "ChessBase"]
[SourceDate "2007.03.07"]
[SourceVersion "1"]
[SourceVersionDate "2007.03.07"]
[SourceQuality "1"]

1. e4 e6 2. d4 d5 3. Nd2 Nc6 4. Ngf3 Nf6 5. e5 Nd7 6. Be2 f6 7. exf6 Qxf6 8. Nf1 Bd6 9. Ne3 0-0 10. 0-0 Qg6 11. c4 Nf6 12. c5 Be7 13. Bd3 Qh5 14. Bb5 Bd7 15. h3 b6 16. b4 a5 17. cxb6 cxb6 18. bxa5 Rxa5 19. a4 Ne4 20. Bb2 Raa8 21. Ng4 Rf5 22. Bd3 Raf8 23. Nd2 Nb4 24. Bxe4 dxe4 25. Nxe4 Qh4 26. Ng3 Rf4 27. Bc1 Nd5 28. Bxf4 Nxf4 29. Ne5 Bc8 30. Qg4 1-0

[Event "GBR-ch 93rd"]
[Site "Swansea"]
[Date "2006.08.17"]
[Round "11"]
[White "Ashton, Adam"]
[Black "Fowler, Simon"]
[Result "0-1"]
[WhiteElo "2329"]
[BlackElo "2181"]
[PlyCount "116"]
[EventDate "2006.08.07"]
[EventType "swiss"]
[EventRounds "11"]
[EventCountry "WLS"]
[SourceTitle "CBM 113 Extra"]
[Source "ChessBase"]
[SourceDate "2006.09.14"]
[SourceVersion "1"]
[SourceVersionDate "2006.09.14"]
[SourceQuality "1"]

1. e4 e6 2. d4 d5 3. Nc3 Bb4 4. e5 Ne7 5. a3 Bxc3+ 6. bxc3 c5 7. h4 Qa5 8. Bd2 Nbc6 9. h5 Bd7 10. Nf3 0-0-0 11. h6 gxh6 12. Rxh6 Rdg8 13. g3 Nf5 14. Rh2 Qa4 15. dxc5 Qe4+ 16. Qe2 Qxc2 17. Qd3 Qa4 18. Bh3 Na5 19. Bxf5 exf5 20. Nd4 Nb3 21. Nxb3 Qxb3 22. Rh4 Rg4 23. Rxg4 fxg4 24. a4 Qc4 25. Qxc4 dxc4 26. a5 Re8 27. Bf4 f6 28. a6 fxe5 29. Be3 Bc6 30. axb7+ Kxb7 31. Rb1+ Kc7 32. Rb4 a5 33. Rb6 Rd8 34. Ra6 Bf3 35. Bd2 Rb8 36. Bc1 Rd8 37. Bd2 Ra8 38. Rxa8 Bxa8 39. Bg5 Kc6 40. Bf6 Kd5 41. Kd2 Ke4 42. Kc2 h5 43. Kb2 Kf3 44. Bxe5 Kxf2 45. Ka3 Bc6 46. Bc7 Kg2 47. Bd6 Kh3 48. Bc7 Be8 49. Kb2 h4 50. gxh4 g3 51. c6 g2 52. Bb6 Kxh4 53. c7 Bd7 54. Kc2 Kg3 55. Bg1 Kf3 56. Kd2 Bf5 57. Bd4 a4 58. Kc1 a3 0-1

[Event "GBR-ch 93rd"]
[Site "Swansea"]
[Date "2006.08.16"]
[Round "10"]
[White "Fowler, Simon"]
[Black "Britton, Richard"]
[Result "1/2-1/2"]
[WhiteElo "2181"]
[BlackElo "2288"]
[PlyCount "133"]
[EventDate "2006.08.07"]
[EventType "swiss"]
[EventRounds "11"]
[EventCountry "WLS"]
[SourceTitle "CBM 113 Extra"]
[Source "ChessBase"]
[SourceDate "2006.09.14"]
[SourceVersion "1"]
[SourceVersionDate "2006.09.14"]
[SourceQuality "1"]

1. d4 Nf6 2. Bg5 e6 3. e4 h6 4. Bxf6 Qxf6 5. Nc3 d6 6. Qd2 g5 7. h4 Bg7 8. hxg5 hxg5 9. Rxh8+ Bxh8 10. Nf3 g4 11. e5 Qe7 12. Nb5 Kf8 13. Ng5 dxe5 14. dxe5 Bxe5 15. 0-0-0 Nc6 16. Nh7+ Kg7 17. Bd3 Qb4 18. Qg5+ Kh8 19. c3 Bf4+ 20. Kb1 Bxg5 21. cxb4 Be7 22. Nxc7 Rb8 23. Rh1 Kg8 24. Ne8 f5 25. Nhf6+ Bxf6 26. Nxf6+ Kf7 27. Nh5 Nxb4 28. Nf4 e5 29. Bc4+ Kg7 30. Ne6+ Bxe6 31. Bxe6 Kf6 32. Bc4 e4 33. Rd1 b5 34. Bf1 Ke5 35. a3 Nd5 36. g3 Rh8 37. Bxb5 Rh2 38. Rf1 Rg2 39. Bc6 e3 40. fxe3 Rxg3 41. Bxd5 Kxd5 42. Rxf5+ Ke4 43. Rf7 Rxe3 44. Kc2 g3 45. Kd2 Rb3 46. Ke2 Rxb2+ 47. Kf1 a5 48. Ra7 Rb5 49. Kg2 Kd4 50. Kxg3 Kc3 51. Kf2 Kb3 52. Ke2 Kxa3 53. Kd2 Kb2 54. Kd3 Kb3 55. Kd2 Rc5 56. Rb7+ Ka3 57. Rb8 a4 58. Rb7 Ka2 59. Rb8 a3 60. Rb7 Rh5 61. Kc2 Rh2+ 62. Kc1 Rb2 63. Rh7 Rb1+ 64. Kc2 Rb4 65. Rc7 Rb2+ 66. Kc1 Rb1+ 67. Kc2 1/2-1/2

[Event "GBR-ch 93rd"]
[Site "Swansea"]
[Date "2006.08.12"]
[Round "6"]
[White "Fowler, Simon"]
[Black "Eggleston, David"]
[Result "1-0"]
[WhiteElo "2181"]
[BlackElo "2232"]
[PlyCount "115"]
[EventDate "2006.08.07"]
[EventType "swiss"]
[EventRounds "11"]
[EventCountry "WLS"]
[SourceTitle "CBM 113 Extra"]
[Source "ChessBase"]
[SourceDate "2006.09.14"]
[SourceVersion "1"]
[SourceVersionDate "2006.09.14"]
[SourceQuality "1"]

1. d4 e6 2. e4 d5 3. Nd2 c5 4. exd5 exd5 5. Ngf3 a6 6. dxc5 Bxc5 7. Nb3 Bb6 8. Bg5 Nf6 9. Qe2+ Be6 10. Nfd4 Qe7 11. 0-0-0 Nc6 12. Kb1 0-0 13. Be3 Nxd4 14. Bxd4 Nd7 15. Qe3 Bc7 16. Bd3 Qd6 17. Rhe1 h6 18. Nc5 Rfe8 19. Nxb7 Qc6 20. f4 Qxb7 21. f5 Nf8 22. fxe6 Rxe6 23. Qf3 Rae8 24. Qg4 Be5 25. Rxe5 Rxe5 26. Bxe5 Rxe5 27. Qa4 Re6 28. Rf1 Nd7 29. Qd4 Nf6 30. a3 Qc7 31. g3 Qe7 32. Ka2 Qb7 33. g4 Ne8 34. Rf5 Nc7 35. c4 g6 36. Rf2 Rd6 37. Qc5 dxc4 38. Bxc4 Rd7 39. Rf6 Qe4 40. Bb3 Qxg4 41. Rxf7 Rxf7 42. Qxc7 Qf5 43. Qxf7+ Qxf7 44. Bxf7+ Kxf7 45. Kb3 Ke6 46. Kc4 g5 47. Kd4 Kf5 48. b4 g4 49. a4 h5 50. b5 axb5 51. a5 b4 52. a6 b3 53. Kc3 h4 54. a7 g3 55. hxg3 hxg3 56. a8Q Kg4 57. Qg2 b2 58. Kxb2 1-0

[Event "GBR-ch 93rd"]
[Site "Swansea"]
[Date "2006.08.10"]
[Round "4"]
[White "Fowler, Simon"]
[Black "Taylor, Martin R"]
[Result "1/2-1/2"]
[WhiteElo "2181"]
[BlackElo "2332"]
[PlyCount "106"]
[EventDate "2006.08.07"]
[EventType "swiss"]
[EventRounds "11"]
[EventCountry "WLS"]
[SourceTitle "CBM 113 Extra"]
[Source "ChessBase"]
[SourceDate "2006.09.14"]
[SourceVersion "1"]
[SourceVersionDate "2006.09.14"]
[SourceQuality "1"]

1. d4 d5 2. c4 e6 3. Nc3 Nf6 4. cxd5 exd5 5. Bg5 Be7 6. e3 c6 7. Qc2 Nbd7 8. Bd3 Nh5 9. Bxe7 Qxe7 10. 0-0-0 Nb6 11. Nge2 g6 12. Kb1 Ng7 13. Ng3 Be6 14. Rc1 h5 15. h4 0-0-0 16. Na4 Nxa4 17. Qxa4 Kb8 18. Rc3 Rc8 19. Rhc1 Rc7 20. Ra3 b6 21. Rxc6 Rxc6 22. Qxc6 Rc8 23. Qa4 Rc7 24. Rc3 Rxc3 25. bxc3 Qxh4 26. Qc6 Qd8 27. c4 Qc7 28. cxd5 Qxc6 29. dxc6 h4 30. Ne2 Bd5 31. e4 Bxc6 32. f4 Nh5 33. Kc2 f5 34. d5 Bb7 35. Kc3 fxe4 36. Bxe4 Ba6 37. Nd4 Nxf4 38. d6 Bf1 39. Bf3 Bxg2 40. Nc6+ Kb7 41. Bxg2 Kc8 42. Be4 Kd7 43. Nxa7 Kxd6 44. Nc8+ Kc5 45. Ne7 h3 46. Nxg6 Ne2+ 47. Kb3 Ng3 48. Bb7 h2 49. Ne5 h1Q 50. Nd7+ Kb5 51. a4+ Ka5 52. Bxh1 Nxh1 53. Nf6 b5 1/2-1/2

[Event "GBR-ch 93rd"]
[Site "Swansea"]
[Date "2006.08.09"]
[Round "3"]
[White "Nicholson, John"]
[Black "Fowler, Simon"]
[Result "0-1"]
[WhiteElo "1945"]
[BlackElo "2181"]
[PlyCount "70"]
[EventDate "2006.08.07"]
[EventType "swiss"]
[EventRounds "11"]
[EventCountry "WLS"]
[SourceTitle "CBM 113 Extra"]
[Source "ChessBase"]
[SourceDate "2006.09.14"]
[SourceVersion "1"]
[SourceVersionDate "2006.09.14"]
[SourceQuality "1"]

1. e4 e6 2. d4 d5 3. e5 b6 4. f4 Qd7 5. Nf3 Be7 6. Bd3 Ba6 7. 0-0 Bxd3 8. Qxd3 Nc6 9. c3 h5 10. b3 Na5 11. Be3 Nh6 12. Nbd2 Nf5 13. Bf2 h4 14. Rad1 g6 15. g4 hxg3 16. hxg3 0-0-0 17. Kg2 Nh6 18. c4 Nb7 19. Rc1 Ng4 20. Bg1 c6 21. c5 b5 22. a4 b4 23. a5 Rdg8 24. Ra1 f5 25. Ra4 Bd8 26. a6 Na5 27. Nh4 g5 28. fxg5 Bxg5 29. Ndf3 Bxh4 30. Nxh4 Rxh4 31. Rxa5 Qh7 32. Qe2 Rh1 33. Raa1 Qh3+ 34. Kf3 f4 35. Qg2 Qh5 0-1

[Event "GBR-ch 93rd"]
[Site "Swansea"]
[Date "2006.08.07"]
[Round "1"]
[White "Williams, Simon Kim"]
[Black "Fowler, Simon"]
[Result "1-0"]
[WhiteElo "2473"]
[BlackElo "2181"]
[PlyCount "61"]
[EventDate "2006.08.07"]
[EventType "swiss"]
[EventRounds "11"]
[EventCountry "WLS"]
[SourceTitle "CBM 113 Extra"]
[Source "ChessBase"]
[SourceDate "2006.09.14"]
[SourceVersion "1"]
[SourceVersionDate "2006.09.14"]
[SourceQuality "1"]

1. d4 d5 2. c4 e6 3. Nc3 c6 4. e3 Bd6 5. Bd2 f5 6. g4 Nh6 7. gxf5 Nxf5 8. Qc2 0-0 9. 0-0-0 b6 10. Nge2 Na6 11. Ng3 Bb7 12. cxd5 cxd5 13. a3 Rc8 14. Nxf5 exf5 15. Bd3 Qd7 16. h4 Nc7 17. Rdg1 Ba6 18. Bxa6 Nxa6 19. Kb1 Be7 20. Qb3 Rfd8 21. Ne2 Rc4 22. Nf4 Nc7 23. Qd3 Kh8 24. Nh5 g6 25. Nf4 Ne6 26. h5 g5 27. Qxf5 Nxf4 28. Qe5+ Kg8 29. exf4 Re8 30. Re1 Rcc8 31. h6 1-0

[Event "BCF-chT3 0506 (4NCL)"]
[Site "Birmingham"]
[Date "2006.04.30"]
[Round "10.1"]
[White "Kafka, Graeme"]
[Black "Fowler, Simon"]
[Result "1-0"]
[WhiteElo "2131"]
[BlackElo "2201"]
[PlyCount "75"]
[EventDate "2005.10.22"]
[EventType "team"]
[EventRounds "11"]
[EventCountry "ENG"]
[SourceTitle "EXT 2007"]
[Source "ChessBase"]
[SourceDate "2006.11.23"]
[SourceVersion "1"]
[SourceVersionDate "2006.11.23"]
[SourceQuality "1"]
[WhiteTeam "Slough Sharks III"]
[BlackTeam "Hilsmark Coventry"]
[WhiteTeamCountry "ENG"]
[BlackTeamCountry "ENG"]

1. e4 e6 2. d4 d5 3. e5 c5 4. c3 Nc6 5. Nf3 Bd7 6. Be2 f6 7. 0-0 Qc7 8. Re1 Nge7 9. Na3 Ng6 10. c4 Nxd4 11. Nxd4 cxd4 12. cxd5 fxe5 13. dxe6 Bc6 14. Bg5 Be7 15. Bxe7 Qxe7 16. Bh5 Qg5 17. Qg4 Qxg4 18. Bxg4 Ke7 19. Bf5 Kf6 20. Bxg6 hxg6 21. Nc4 Rh5 22. f3 Rah8 23. e7 b5 24. Na5 Bd5 25. Rac1 Kxe7 26. Rc7+ Kf6 27. Rd7 Bxa2 28. Nc6 Be6 29. Rd6 Rxh2 30. Rxe5 Rh1+ 31. Kf2 Re8 32. Re4 Rb1 33. Nxd4 Rxb2+ 34. Kg3 a5 35. Nxe6 Rb8 36. Nd8+ Kf5 37. Rd5+ Kf6 38. Re6# 1-0

[Event "BCF-chT3 0506 (4NCL)"]
[Site "Birmingham"]
[Date "2005.11.19"]
[Round "3.1"]
[White "Hetey, Laszlo"]
[Black "Fowler, Simon"]
[Result "1-0"]
[WhiteElo "2322"]
[BlackElo "2202"]
[PlyCount "71"]
[EventDate "2005.10.22"]
[EventType "team"]
[EventRounds "11"]
[EventCountry "ENG"]
[SourceTitle "EXT 2007"]
[Source "ChessBase"]
[SourceDate "2006.11.23"]
[SourceVersion "1"]
[SourceVersionDate "2006.11.23"]
[SourceQuality "1"]
[WhiteTeam "FCA Solutions"]
[BlackTeam "Hilsmark Coventry"]
[WhiteTeamCountry "ENG"]
[BlackTeamCountry "ENG"]

1. d4 d5 2. Nf3 c6 3. c4 e6 4. g3 dxc4 5. Bg2 b5 6. a4 Bb7 7. 0-0 Nd7 8. b3 cxb3 9. Qxb3 b4 10. a5 c5 11. Rd1 Ngf6 12. Qa4 Qc7 13. Bf4 Qc6 14. Qa2 Nd5 15. a6 Bc8 16. Ne5 Nxe5 17. Bxe5 c4 18. e4 Nb6 19. d5 Qb5 20. Qb2 Bd7 21. Bxg7 Bxg7 22. Qxg7 0-0-0 23. Nd2 Na4 24. Bf1 Rhg8 25. Qd4 exd5 26. exd5 Rg4 27. Qxa7 Nc3 28. Nxc4 Rxc4 29. Bxc4 Qb8 30. Qc5+ Qc7 31. Qxc7+ Kxc7 32. Re1 Kd6 33. a7 Ra8 34. Ra5 Bg4 35. f4 Bf3 36. Kf2 1-0